The Ultimate Red Hot Chili Peppers Album Quiz - Statistics

General Stats
  • This quiz has been taken 491 times
  • The average score is 9 of 14
Answer Stats
Hint Answer % Correct
By The Way
93%
Californication
93%
Stadium Arcadium
91%
Blood Sugar Sex Magik
85%
Mother's Milk
84%
One Hot Minute
80%
I'm With You
78%
Freaky Styley
75%
The Red Hot Chili Peppers
72%
The Uplift Mofo Party Plan
61%
Greatest Hits
52%
What Hits!?
32%
Live in Hyde Park
13%
Out in LA
13%
No matching quizzes found
Score Distribution
Percent of People with Each Score
Percentile by Number Answered
Your Score History
You have not taken this quiz